[Event "Dieren op"]
[Site "Dieren"]
[Date "2018.08.02"]
[Round "9"]
[White "Lobanov, Sergei"]
[Black "Anand, Nadar"]
[Result "1-0"]
[WhiteElo "2521"]
[BlackElo "2346"]
[PlyCount "95"]
[EventDate "2018.07.24"]
[EventType "tourn"]
[EventRounds "9"]
[EventCountry "NED"]
[SourceTitle "CBM 185 Extra"]
[Source "ChessBase"]
[SourceDate "2018.07.29"]
[SourceVersion "1"]
[SourceVersionDate "2018.07.29"]
[SourceQuality "1"]

1. e4 e5 2. Bc4 Nf6 3. d3 Bc5 4. Nc3 Nc6 5. f4 d6 6. Nf3 Na5 7. Bb3 c6 8. Qe2 Bg4 9. fxe5 Nxb3 10. axb3 dxe5 11. Be3 Bxe3 12. Qxe3 Bxf3 13. Qxf3 0-0 14. 0-0 Nd7 15. Qf2 a6 16. Nd1 g6 17. Ne3 Qe7 18. Qg3 a5 19. Rf2 Kh8 20. h4 b5 21. h5 a4 22. bxa4 Ra7 23. Rd1 Rxa4 24. Rdf1 Ra2 25. b3 Raa8 26. Ng4 Qg5 27. Rxf7 Rxf7 28. Rxf7 gxh5 29. Nf6 Ra1+ 30. Kh2 Qxg3+ 31. Kxg3 Nxf6 32. Rxf6 c5 33. Rc6 c4 34. bxc4 bxc4 35. Rxc4 Kg7 36. Rc6 Rc1 37. c4 Rc3 38. Rd6 Rc2 39. Kf3 Rc3 40. g3 Rc1 41. Re6 Rd1 42. Ke2 Rg1 43. Rxe5 Rxg3 44. Rxh5 Kg6 45. Rh1 h5 46. c5 Rg2+ 47. Ke3 Rc2 48. Kd4 1-0

[Event "Dieren op"]
[Site "Dieren"]
[Date "2018.07.31"]
[Round "7"]
[White "Anand, Nadar"]
[Black "Sandipan, Chanda"]
[Result "1/2-1/2"]
[WhiteElo "2346"]
[BlackElo "2548"]
[PlyCount "149"]
[EventDate "2018.07.24"]
[EventType "tourn"]
[EventRounds "9"]
[EventCountry "NED"]
[SourceTitle "CBM 185 Extra"]
[Source "ChessBase"]
[SourceDate "2018.07.29"]
[SourceVersion "1"]
[SourceVersionDate "2018.07.29"]
[SourceQuality "1"]

1. d4 f5 2. Nc3 Nf6 3. Bg5 d5 4. Bxf6 exf6 5. e3 c6 6. Bd3 Na6 7. a3 Nc7 8. Qf3 g6 9. h3 Ne6 10. g4 Ng7 11. Nge2 Bd6 12. Ng3 Bxg3 13. Qxg3 Be6 14. Ne2 Qd7 15. Nf4 Bf7 16. Qh4 Ke7 17. Qh6 Rag8 18. g5 fxg5 19. Qxg5+ Ke8 20. Qh6 Ne6 21. 0-0-0 Qd6 22. Nxe6 Bxe6 23. h4 Kd7 24. Rdg1 Qf8 25. Qxf8 Rxf8 26. f4 Ke7 27. Kd2 Kf6 28. Rg3 Bf7 29. Rhg1 a5 30. b4 axb4 31. axb4 Ra8 32. b5 c5 33. dxc5 Rhc8 34. c6 bxc6 35. bxc6 Rxc6 36. Rg5 Rd6 37. h5 Re8 38. hxg6 hxg6 39. Re1 Rh8 40. Rgg1 Rh2+ 41. Re2 Rh3 42. Rgg2 Re6 43. Rgf2 Re7 44. Rf1 Kg7 45. Rfe1 Rf3 46. Kc3 Rc7+ 47. Kd4 Rh3 48. Rb1 Ra7 49. Rb4 Rh1 50. Rg2 Rd1 51. Kc5 Kf6 52. Rb6+ Ke7 53. Rbxg6 Bxg6 54. Rxg6 Rc7+ 55. Kb6 Rc3 56. Bxf5 Rb1+ 57. Ka7 Rxe3 58. Bd3 Kd7 59. Rb6 Rg1 60. f5 Kc7 61. Rb7+ Kc6 62. Rb6+ Kc5 63. Rb5+ Kd4 64. Rb4+ Ke5 65. Kb6 Rg8 66. Rh4 Rc8 67. Rh6 Kd4 68. Rh4+ Kc3 69. Kb7 Rf8 70. Kc6 d4 71. Rf4 Re7 72. Kd6 Re3 73. Kc6 Rf6+ 74. Kd5 Rf8 75. Kc6 1/2-1/2

[Event "Dieren op"]
[Site "Dieren"]
[Date "2018.07.28"]
[Round "5"]
[White "Anand, Nadar"]
[Black "Warmerdam, Max"]
[Result "1/2-1/2"]
[WhiteElo "2346"]
[BlackElo "2424"]
[PlyCount "101"]
[EventDate "2018.07.24"]
[EventType "tourn"]
[EventRounds "9"]
[EventCountry "NED"]
[SourceTitle "CBM 185 Extra"]
[Source "ChessBase"]
[SourceDate "2018.07.29"]
[SourceVersion "1"]
[SourceVersionDate "2018.07.29"]
[SourceQuality "1"]

1. d4 g6 2. c4 Nf6 3. g3 c5 4. d5 b5 5. cxb5 a6 6. bxa6 d6 7. Nc3 Bg7 8. Bg2 0-0 9. Nf3 Nbd7 10. 0-0 Nb6 11. Nd2 Bxa6 12. Qc2 Ra7 13. Rd1 Qa8 14. Nf1 Nfd7 15. Bg5 Ne5 16. b3 h6 17. Bc1 Rb8 18. Ne3 Rab7 19. Rb1 Nc8 20. h4 h5 21. f4 Nd7 22. f5 Nf8 23. fxg6 fxg6 24. Rf1 Qa7 25. Kh2 c4 26. Nxc4 Bxc4 27. bxc4 Rxb1 28. Nxb1 Qd4 29. Nd2 Nb6 30. Qe4 Qxe4 31. Bxe4 Na4 32. Nb3 Nc3 33. Bd3 Nxa2 34. Na5 Nxc1 35. Rxc1 Bf6 36. Nc6 Rb2 37. Rb1 Rxb1 38. Bxb1 Kg7 39. Bd3 Nd7 40. Kg2 g5 41. hxg5 Bxg5 42. Nd4 Kf6 43. Kh3 Be3 44. Nf5 Bg5 45. Nd4 Be3 46. Nf3 Bg5 47. e4 Ne5 48. Nxe5 Kxe5 49. Be2 Kxe4 50. Bxh5 Ke5 51. Kg4 1/2-1/2